Les caractères

Saved in:
Bibliografiske detaljer
Hovedforfatter: La Bruyére, Jean de (Author)
Format: Bog
Sprog:fransk
Udgivet: París Gallimard 1965
Udgivelse:1a. ed
Fag:
Tags: Tilføj Tag
Ingen Tags, Vær først til at tagge denne postø!

MARC

LEADER 00000cam a2200000 a 4500
001 UCE4915
003 CL-VaPUC
008 141120e19650000fr |||||||||||||||||fre|d
082 0 4 |a 155.2  |b BRU  |2 21 
100 |a La Bruyére, Jean de  |e author  |9 341338 
245 1 4 |a Les caractères 
250 |a 1a. ed 
300 |a 511 p 
942 |c BK 
945 |d 20141120 11:52:00  |a dcastane 
260 |a París  |b Gallimard  |c 1965 
650 7 |a CARACTERES Y CARACTERISTICAS  |2 CL-VaPUC  |9 267069 
650 7 |a TIPOS PSICOLOGICOS  |2 CL-VaPUC  |9 311445 
650 7 |a CONDUCTA ETICA  |2 CL-VaPUC  |9 256932 
583 |a last modification  |c 20141120 11:52:00  |k Rodrigo Vera 
999 |c 357771  |d 357769 
952 |0 0  |1 0  |3 erd  |4 0  |6 155_200000000000000_BRU_1965  |7 0  |8 X  |9 465830  |a FDOBUD  |b FDOBUD  |i 5107474  |o 155.2 BRU 1965  |p 5107474  |r 2019-11-23  |w 2019-11-23  |y BK_X  |z Catalogado en:20141120  |k BUD